000
00188nam a2200085Ia 4500
008
120527s9999 xx 000 0 und d
100
_a
Payne, N. Joseph
245
_a
Mathematics
942
_c
BK
999
_c
27827
_d
27827